|
|
|
|
| LEADER |
00000nas a2200000 a 4500 |
| 001 |
ssj0000650560 |
| 003 |
WaSeSS |
| 005 |
20200512172242.0 |
| 006 |
m d |
| 007 |
cr n |
| 008 |
111118c20119999tu qr p s 0 0eng c |
| 010 |
|
|
|a 2012261054
|
| 022 |
|
|
|a 2146-4405
|l 2146-4405
|
| 035 |
|
|
|a (WaSeSS)ssj0000650560
|
| 040 |
|
|
|a HNK
|b eng
|c HNK
|d HNK
|d IUL
|d CUS
|d OCLCF
|d OCLCO
|d OCLCQ
|d WaSeSS
|
| 042 |
|
|
|a pcc
|
| 050 |
1 |
4 |
|a HD31
|b .I58
|
| 210 |
0 |
|
|a Int. rev. manag. mark.
|
| 222 |
|
0 |
|a International review of management and marketing
|
| 245 |
0 |
0 |
|a International review of management and marketing
|h [electronic resource].
|
| 246 |
1 |
3 |
|a IRMM
|
| 260 |
|
|
|a [Turkey] :
|b [EconJournals]
|
| 310 |
|
|
|a Quarterly
|
| 362 |
1 |
|
|a Began with vol. 1, no. 1 (2011).
|
| 506 |
|
|
|a License restrictions may limit access.
|
| 588 |
|
|
|a Description based on: Vol. 1, no. 1 (2011); title from journal home page (publisher's Web site, viewed Nov. 18, 2011).
|
| 588 |
|
|
|a Latest issue consulted: Vol. 2, no. 2 (2012) (viewed Apr. 23, 2012).
|
| 650 |
|
0 |
|a Management
|v Periodicals.
|
| 650 |
|
0 |
|a Marketing
|v Periodicals.
|
| 650 |
|
0 |
|a Business
|v Periodicals.
|
| 650 |
|
7 |
|a Business.
|2 fast
|0 (OCoLC)fst00842262
|
| 650 |
|
7 |
|a Management.
|2 fast
|0 (OCoLC)fst01007141
|
| 650 |
|
7 |
|a Marketing.
|2 fast
|0 (OCoLC)fst01010167
|
| 655 |
|
0 |
|a Electronic journals.
|
| 856 |
4 |
0 |
|z Full text available from Research Library: 01/01/2011 to present
|u https://search.proquest.com/publication/816339
|